000 00657nam a2200301Ia 4500
005 20260401122213.0
008 008 250103s9999 xx 000 0 eng d
020 _a679779132
037 _aTB
040 _aEDL
040 _beng
040 _cEDL
041 _2eng
041 _aeng
084 _a811.54 OND
084 _qEDL
100 _aOndaatje, Michael
_91232900
245 0 _aCinnamon Peeler: Selected Poems
245 0 _cOndaatje, Michael
260 _aNew York
260 _bVintage
260 _c1991
300 _a192p
942 _cTB
942 _h811.54 OND
999 _c1845612
_d1845612